LEADER 01404nam 2200349Ia 450 001 996397131703316 005 20221108045422.0 035 $a(CKB)4940000000061228 035 $a(EEBO)2240935304 035 $a(OCoLC)9920368700971 035 $a(EXLCZ)994940000000061228 100 $a19910911d1621 uy | 101 0 $aeng 135 $aurbn||||a|bb| 200 12$aA proclamation declaring His Maiesties pleasure concerning the dissoluing of the present conuention of Parliament$b[electronic resource] 210 $aImprinted at London $cBy Bonham Norton and Iohn Bill ...$d1621 215 $a[2], 21, [1] p 300 $a"Giuen at Our Pallace at Westminster, the sixth day of Ianuary, in the nineteenth yeere of Our Reigne of Great Britaine, France, and Ireland"--P. 21. 300 $aReproduction of original in the Harvard University. Library. 330 $aeebo-0062 606 $aProclamations$zGreat Britain 607 $aGreat Britain$xHistory$yJames I, 1603-1625 607 $aGreat Britain$xPolitics and government$y1603-1625 615 0$aProclamations 701 $aJames$cKing of England,$f1566-1625.$01001019 801 0$bEBL 801 1$bEBL 801 2$bWaOLN 906 $aBOOK 912 $a996397131703316 996 $aA proclamation declaring His Maiesties pleasure concerning the dissoluing of the present conuention of Parliament$92316498 997 $aUNISA